Every F1 Driver Since 2010 - Statistics

General Stats
  • This quiz has been taken 70 times
    21 since last reset
  • The average score is 310 of 372
Answer Stats
Year P Team Nation Driver PO % Correct
2025 8 Williams Thailand Alex Albon 73
100%
2024 16 Williams Thailand Alex Albon 12
100%
2023 13 Williams Thailand Alex Albon 27
100%
2022 19 Williams Thailand Alex Albon 4
100%
2020 7 Red Bull Thailand Alex Albon 105
100%
2019 8 Toro Rosso, Red Bull Thailand Alex Albon 92
100%
2025 7 Mercedes Italy Andrea Kimi Antonelli 150
100%
2025 9 Williams Spain Carlos Sainz 64
100%
2024 5 Ferrari Spain Carlos Sainz 290
100%
2023 7 Ferrari Spain Carlos Sainz 200
100%
2022 5 Ferrari Spain Carlos Sainz 246
100%
2021 5 Ferrari Spain Carlos Sainz 164.5
100%
2020 6 McLaren Spain Carlos Sainz 105
100%
2019 6 McLaren Spain Carlos Sainz 96
100%
2018 10 Renault Spain Carlos Sainz 53
100%
2017 9 Toro Rosso, Renault Spain Carlos Sainz 54
100%
2016 12 Toro Rosso Spain Carlos Sainz 46
100%
2015 15 Toro Rosso Spain Carlos Sainz 18
100%
2025 5 Ferrari Monaco Charles Leclerc 242
100%
2024 3 Ferrari Monaco Charles Leclerc 356
100%
2023 5 Ferrari Monaco Charles Leclerc 206
100%
2022 2 Ferrari Monaco Charles Leclerc 308
100%
2021 7 Ferrari Monaco Charles Leclerc 159
100%
2020 8 Ferrari Monaco Charles Leclerc 98
100%
2019 4 Ferrari Monaco Charles Leclerc 264
100%
2018 13 Sauber Monaco Charles Leclerc 39
100%
2024 17 Racing Bulls Australia Daniel Ricciardo 12
100%
2023 17 AlphaTauri Australia Daniel Ricciardo 6
100%
2022 11 McLaren Australia Daniel Ricciardo 37
100%
2021 8 McLaren Australia Daniel Ricciardo 115
100%
2020 5 Renault Australia Daniel Ricciardo 119
100%
2019 9 Renault Australia Daniel Ricciardo 54
100%
2018 6 Red Bull Australia Daniel Ricciardo 170
100%
2017 5 Red Bull Australia Daniel Ricciardo 200
100%
2016 3 Red Bull Australia Daniel Ricciardo 256
100%
2015 8 Red Bull Australia Daniel Ricciardo 92
100%
2014 3 Red Bull Australia Daniel Ricciardo 238
100%
2013 14 Toro Rosso Australia Daniel Ricciardo 20
100%
2012 18 Toro Rosso Australia Daniel Ricciardo 10
100%
2011 27 HRT Australia Daniel Ricciardo 0
100%
2020 14 AlphaTauri Russia Daniil Kvyat 32
100%
2019 13 Toro Rosso Russia Daniil Kvyat 37
100%
2017 19 Toro Rosso Russia Daniil Kvyat 5
100%
2016 14 Red Bull, Toro Rosso Russia Daniil Kvyat 25
100%
2015 7 Red Bull Russia Daniil Kvyat 95
100%
2014 15 Toro Rosso Russia Daniil Kvyat 8
100%
2025 15 Haas France Esteban Ocon 38
100%
2024 14 Alpine France Esteban Ocon 23
100%
2023 12 Alpine France Esteban Ocon 58
100%
2022 8 Alpine France Esteban Ocon 92
100%
2021 11 Alpine France Esteban Ocon 74
100%
2020 12 Renault France Esteban Ocon 62
100%
2018 12 Force India, Racing Point France Esteban Ocon 49
100%
2017 8 Force India France Esteban Ocon 87
100%
2016 23 Manor France Esteban Ocon 0
100%
2025 10 Aston Martin Spain Fernando Alonso 56
100%
2024 9 Aston Martin Spain Fernando Alonso 70
100%
2023 4 Aston Martin Spain Fernando Alonso 206
100%
2022 9 Alpine Spain Fernando Alonso 81
100%
2021 10 Alpine Spain Fernando Alonso 81
100%
2018 11 McLaren Spain Fernando Alonso 50
100%
2017 15 McLaren Spain Fernando Alonso 17
100%
2016 10 McLaren Spain Fernando Alonso 54
100%
2015 17 McLaren Spain Fernando Alonso 11
100%
2014 6 Ferrari Spain Fernando Alonso 161
100%
2013 2 Ferrari Spain Fernando Alonso 242
100%
2012 2 Ferrari Spain Fernando Alonso 278
100%
2011 4 Ferrari Spain Fernando Alonso 257
100%
2010 2 Ferrari Spain Fernando Alonso 252
100%
2025 20 Alpine Argentina Franco Colapinto 0
100%
2024 19 Williams Argentina Franco Colapinto 5
100%
2025 4 Mercedes Great Britain George Russell 319
100%
2024 6 Mercedes Great Britain George Russell 245
100%
2023 8 Mercedes Great Britain George Russell 175
100%
2022 4 Mercedes Great Britain George Russell 275
100%
2021 15 Williams Great Britain George Russell 16
100%
2020 18 Williams, Mercedes Great Britain George Russell 3
100%
2019 20 Williams Great Britain George Russell 0
100%
2024 15 Haas Denmark Kevin Magnussen 16
100%
2023 19 Haas Denmark Kevin Magnussen 3
100%
2022 13 Haas Denmark Kevin Magnussen 25
100%
2020 20 Haas Denmark Kevin Magnussen 1
100%
2019 16 Haas Denmark Kevin Magnussen 20
100%
2018 9 Haas Denmark Kevin Magnussen 56
100%
2017 14 Haas Denmark Kevin Magnussen 19
100%
2016 16 Renault Denmark Kevin Magnussen 7
100%
2015 22 McLaren Denmark Kevin Magnussen 0
100%
2014 11 McLaren Denmark Kevin Magnussen 55
100%
2021 16 Alfa Romeo Finland Kimi Räikkönen 10
100%
2020 16 Alfa Romeo Finland Kimi Räikkönen 4
100%
2019 12 Alfa Romeo Finland Kimi Räikkönen 43
100%
2018 3 Ferrari Finland Kimi Räikkönen 251
100%
2017 4 Ferrari Finland Kimi Räikkönen 205
100%
2016 6 Ferrari Finland Kimi Räikkönen 186
100%
2015 4 Ferrari Finland Kimi Räikkönen 150
100%
2014 12 Ferrari Finland Kimi Räikkönen 55
100%
2013 5 Lotus Finland Kimi Räikkönen 183
100%
2012 3 Lotus Finland Kimi Räikkönen 207
100%
2025 16 Aston Martin Canada Lance Stroll 33
100%
2024 13 Aston Martin Canada Lance Stroll 24
100%
2023 10 Aston Martin Canada Lance Stroll 74
100%
2022 15 Aston Martin Canada Lance Stroll 18
100%
2021 13 Aston Martin Canada Lance Stroll 34
100%
2020 11 Racing Point Canada Lance Stroll 75
100%
2019 15 Racing Point Canada Lance Stroll 21
100%
2018 18 Williams Canada Lance Stroll 6
100%
2017 12 Williams Canada Lance Stroll 40
100%
2025 1 McLaren Great Britain Lando Norris 423
100%
2024 2 McLaren Great Britain Lando Norris 374
100%
2023 6 McLaren Great Britain Lando Norris 205
100%
2022 7 McLaren Great Britain Lando Norris 122
100%
2021 6 McLaren Great Britain Lando Norris 160
100%
2020 9 McLaren Great Britain Lando Norris 97
100%
2019 11 McLaren Great Britain Lando Norris 49
100%
2025 6 Ferrari Great Britain Lewis Hamilton 156
100%
2024 7 Mercedes Great Britain Lewis Hamilton 223
100%
2023 3 Mercedes Great Britain Lewis Hamilton 234
100%
2022 6 Mercedes Great Britain Lewis Hamilton 240
100%
2021 2 Mercedes Great Britain Lewis Hamilton 387.5
100%
2020 1 Mercedes Great Britain Lewis Hamilton 347
100%
2019 1 Mercedes Great Britain Lewis Hamilton 413
100%
2018 1 Mercedes Great Britain Lewis Hamilton 408
100%
2017 1 Mercedes Great Britain Lewis Hamilton 363
100%
2016 2 Mercedes Great Britain Lewis Hamilton 380
100%
2015 1 Mercedes Great Britain Lewis Hamilton 381
100%
2014 1 Mercedes Great Britain Lewis Hamilton 384
100%
2013 4 Mercedes Great Britain Lewis Hamilton 189
100%
2012 4 McLaren Great Britain Lewis Hamilton 190
100%
2011 5 McLaren Great Britain Lewis Hamilton 227
100%
2010 4 McLaren Great Britain Lewis Hamilton 240
100%
2025 14 Red Bull, Racing Bulls New Zealand Liam Lawson 38
100%
2024 21 Racing Bulls New Zealand Liam Lawson 4
100%
2023 20 AlphaTauri New Zealand Liam Lawson 2
100%
2025 2 Red Bull Netherlands Max Verstappen 421
100%
2024 1 Red Bulls Netherlands Max Verstappen 437
100%
2023 1 Red Bull Netherlands Max Verstappen 575
100%
2022 1 Red Bull Netherlands Max Verstappen 454
100%
2021 1 Red Bull Netherlands Max Verstappen 395.5
100%
2020 3 Red Bull Netherlands Max Verstappen 214
100%
2019 3 Red Bull Netherlands Max Verstappen 278
100%
2018 4 Red Bull Netherlands Max Verstappen 249
100%
2017 6 Red Bull Netherlands Max Verstappen 168
100%
2016 5 Toro Rosso, Red Bull Netherlands Max Verstappen 204
100%
2015 12 Toro Rosso Netherlands Max Verstappen 49
100%
2016 1 Mercedes Germany Nico Rosberg 385
100%
2015 2 Mercedes Germany Nico Rosberg 322
100%
2014 2 Mercedes Germany Nico Rosberg 317
100%
2013 6 Mercedes Germany Nico Rosberg 171
100%
2012 9 Mercedes Germany Nico Rosberg 93
100%
2011 7 Mercedes Germany Nico Rosberg 89
100%
2010 7 Mercedes Germany Nico Rosberg 142
100%
2025 3 McLaren Australia Oscar Piastri 410
100%
2024 4 McLaren Australia Oscar Piastri 292
100%
2023 9 McLaren Australia Oscar Piastri 97
100%
2025 18 Alpine France Pierre Gasly 22
100%
2024 10 Alpine France Pierre Gasly 42
100%
2023 11 Alpine France Pierre Gasly 62
100%
2022 14 AlphaTauri France Pierre Gasly 23
100%
2021 9 AlphaTauri France Pierre Gasly 110
100%
2020 10 AlphaTauri France Pierre Gasly 75
100%
2019 7 Red Bull, Toro Rosso France Pierre Gasly 95
100%
2018 15 Toro Rosso France Pierre Gasly 29
100%
2017 21 Toro Rosso France Pierre Gasly 0
100%
2022 12 Aston Martin Germany Sebastian Vettel 37
100%
2021 12 Aston Martin Germany Sebastian Vettel 43
100%
2020 13 Ferrari Germany Sebastian Vettel 33
100%
2019 5 Ferrari Germany Sebastian Vettel 240
100%
2018 2 Ferrari Germany Sebastian Vettel 320
100%
2017 2 Ferrari Germany Sebastian Vettel 317
100%
2016 4 Ferrari Germany Sebastian Vettel 212
100%
2015 3 Ferrari Germany Sebastian Vettel 278
100%
2014 5 Red Bull Germany Sebastian Vettel 167
100%
2013 1 Red Bull Germany Sebastian Vettel 397
100%
2012 1 Red Bull Germany Sebastian Vettel 281
100%
2011 1 Red Bull Germany Sebastian Vettel 392
100%
2010 1 Red Bull Germany Sebastian Vettel 256
100%
2024 8 Red Bulls Mexico Sergio Pérez 152
100%
2023 2 Red Bull Mexico Sergio Pérez 285
100%
2022 3 Red Bull Mexico Sergio Pérez 305
100%
2021 4 Red Bull Mexico Sergio Pérez 190
100%
2020 4 Racing Point Mexico Sergio Pérez 125
100%
2019 10 Racing Point Mexico Sergio Pérez 52
100%
2018 8 Force India, Racing Point Mexico Sergio Pérez 62
100%
2017 7 Force India Mexico Sergio Pérez 100
100%
2016 7 Force India Mexico Sergio Pérez 101
100%
2015 9 Force India Mexico Sergio Pérez 78
100%
2014 10 Force India Mexico Sergio Pérez 59
100%
2013 11 McLaren Mexico Sergio Pérez 49
100%
2012 10 Sauber Mexico Sergio Pérez 66
100%
2011 16 Sauber Mexico Sergio Pérez 14
100%
2024 22 Sauber Finland Valtteri Bottas 0
100%
2023 15 Alfa Romeo Finland Valtteri Bottas 10
100%
2022 10 Alfa Romeo Finland Valtteri Bottas 49
100%
2021 3 Mercedes Finland Valtteri Bottas 226
100%
2020 2 Mercedes Finland Valtteri Bottas 223
100%
2019 2 Mercedes Finland Valtteri Bottas 326
100%
2018 5 Mercedes Finland Valtteri Bottas 247
100%
2017 3 Mercedes Finland Valtteri Bottas 305
100%
2016 8 Williams Finland Valtteri Bottas 85
100%
2015 5 Williams Finland Valtteri Bottas 136
100%
2014 4 Williams Finland Valtteri Bottas 186
100%
2013 17 Williams Finland Valtteri Bottas 4
100%
2025 17 Racing Bulls, Red Bull Japan Yūki Tsunoda 33
100%
2024 12 Racing Bulls Japan Yūki Tsunoda 30
100%
2023 14 AlphaTauri Japan Yūki Tsunoda 17
100%
2022 17 AlphaTauri Japan Yūki Tsunoda 12
100%
2021 14 AlphaTauri Japan Yūki Tsunoda 32
100%
2024 20 Sauber China Zhou Guanyu 4
100%
2023 18 Alfa Romeo China Zhou Guanyu 6
100%
2022 18 Alfa Romeo China Zhou Guanyu 6
100%
2025 19 Sauber Brazil Gabriel Bortoleto 19
93%
2025 12 Racing Bulls France Isack Hadjar 51
93%
2013 3 Red Bull Australia Mark Webber 199
93%
2012 6 Red Bull Australia Mark Webber 179
93%
2011 3 Red Bull Australia Mark Webber 258
93%
2010 3 Red Bull Australia Mark Webber 242
93%
2012 13 Mercedes Germany Michael Schumacher 49
93%
2011 8 Mercedes Germany Michael Schumacher 76
93%
2010 9 Mercedes Germany Michael Schumacher 72
93%
2022 16 Haas Germany Mick Schumacher 12
93%
2021 19 Haas Germany Mick Schumacher 0
93%
2022 20 Williams Canada Nicholas Latifi 2
93%
2021 17 Williams Canada Nicholas Latifi 7
93%
2020 21 Williams Canada Nicholas Latifi 0
93%
2025 11 Sauber Germany Nico Hülkenberg 51
93%
2024 11 Haas Germany Nico Hülkenberg 41
93%
2023 16 Haas Germany Nico Hülkenberg 9
93%
2022 22 Aston Martin Germany Nico Hülkenberg 0
93%
2020 15 Racing Point Germany Nico Hülkenberg 10
93%
2019 14 Renault Germany Nico Hülkenberg 37
93%
2018 7 Renault Germany Nico Hülkenberg 69
93%
2017 10 Renault Germany Nico Hülkenberg 43
93%
2016 9 Force India Germany Nico Hülkenberg 72
93%
2015 10 Force India Germany Nico Hülkenberg 58
93%
2014 9 Force India Germany Nico Hülkenberg 96
93%
2013 10 Sauber Germany Nico Hülkenberg 51
93%
2012 11 Force India Germany Nico Hülkenberg 63
93%
2010 14 Williams Germany Nico Hülkenberg 22
93%
2021 21 Haas Russia Nikita Mazepin 0
93%
2025 13 Haas Great Britain Oliver Bearman 41
93%
2024 18 Ferrari, Haas Great Britain Oliver Bearman 7
93%
2021 20 Alfa Romeo Poland Robert Kubica 0
93%
2019 19 Williams Poland Robert Kubica 1
93%
2010 8 Renault Poland Robert Kubica 136
93%
2020 19 Haas France Romain Grosjean 2
93%
2019 18 Haas France Romain Grosjean 8
93%
2018 14 Haas France Romain Grosjean 37
93%
2017 13 Haas France Romain Grosjean 28
93%
2016 13 Haas France Romain Grosjean 29
93%
2015 11 Lotus France Romain Grosjean 51
93%
2014 14 Lotus France Romain Grosjean 8
93%
2013 7 Lotus France Romain Grosjean 132
93%
2012 8 Lotus France Romain Grosjean 96
93%
2017 24 McLaren Great Britain Jenson Button 0
87%
2016 15 McLaren Great Britain Jenson Button 21
87%
2015 16 McLaren Great Britain Jenson Button 16
87%
2014 8 McLaren Great Britain Jenson Button 126
87%
2013 9 McLaren Great Britain Jenson Button 73
87%
2012 5 McLaren Great Britain Jenson Button 188
87%
2011 2 McLaren Great Britain Jenson Button 270
87%
2010 5 McLaren Great Britain Jenson Button 214
87%
2017 11 Williams Brazil Felipe Massa 43
80%
2016 11 Williams Brazil Felipe Massa 53
80%
2015 6 Williams Brazil Felipe Massa 121
80%
2014 7 Williams Brazil Felipe Massa 134
80%
2013 8 Ferrari Brazil Felipe Massa 112
80%
2012 7 Ferrari Brazil Felipe Massa 122
80%
2011 6 Ferrari Brazil Felipe Massa 118
80%
2010 6 Ferrari Brazil Felipe Massa 144
80%
2025 21 Alpine Australia Jack Doohan 0
80%
2024 24 Alpine Australia Jack Doohan 0
80%
2023 22 AlphaTauri Netherlands Nyck de Vries 0
80%
2022 21 Williams Netherlands Nyck de Vries 2
80%
2021 18 Alfa Romeo Italy Antonio Giovinazzi 3
73%
2020 17 Alfa Romeo Italy Antonio Giovinazzi 4
73%
2019 17 Alfa Romeo Italy Antonio Giovinazzi 14
73%
2017 22 Sauber Italy Antonio Giovinazzi 0
73%
2024 23 Williams United States Logan Sargeant 0
73%
2023 21 Williams United States Logan Sargeant 1
73%
2015 14 Lotus Venezuela Pastor Maldonado 27
73%
2014 16 Lotus Venezuela Pastor Maldonado 2
73%
2013 18 Williams Venezuela Pastor Maldonado 1
73%
2012 15 Williams Venezuela Pastor Maldonado 45
73%
2011 19 Williams Venezuela Pastor Maldonado 1
73%
2016 21 Haas Mexico Esteban Gutiérrez 0
60%
2014 20 Sauber Mexico Esteban Gutiérrez 0
60%
2013 16 Sauber Mexico Esteban Gutiérrez 6
60%
2017 17 Renault Great Britain Jolyon Palmer 8
60%
2016 18 Renault Great Britain Jolyon Palmer 1
60%
2014 17 Marussia France Jules Bianchi 2
60%
2013 19 Marussia France Jules Bianchi 0
60%
2014 22 Caterham Japan Kamui Kobayashi 0
60%
2012 12 Sauber Japan Kamui Kobayashi 60
60%
2011 12 Sauber Japan Kamui Kobayashi 30
60%
2010 12 Sauber Japan Kamui Kobayashi 32
60%
2018 17 Sauber Sweden Marcus Ericsson 9
60%
2017 20 Sauber Sweden Marcus Ericsson 0
60%
2016 22 Sauber Sweden Marcus Ericsson 0
60%
2015 18 Sauber Sweden Marcus Ericsson 9
60%
2014 19 Caterham Sweden Marcus Ericsson 0
60%
2017 18 Sauber Germany Pascal Wehrlein 5
60%
2016 19 Manor Germany Pascal Wehrlein 1
60%
2018 16 McLaren Belgium Stoffel Vandoorne 12
60%
2017 16 McLaren Belgium Stoffel Vandoorne 13
60%
2016 20 McLaren Belgium Stoffel Vandoorne 1
60%
2018 19 Toro Rosso New Zealand Brendon Hartley 4
53%
2017 23 Toro Rosso New Zealand Brendon Hartley 0
53%
2012 16 Williams Brazil Bruno Senna 31
53%
2011 18 Renault Brazil Bruno Senna 2
53%
2010 23 HRT Brazil Bruno Senna 0
53%
2013 21 Lotus Finland Heikki Kovalainen 0
53%
2012 22 Caterham Finland Heikki Kovalainen 0
53%
2011 22 Lotus Finland Heikki Kovalainen 0
53%
2010 20 Lotus Finland Heikki Kovalainen 0
53%
2020 23 Haas Brazil Pietro Fittipaldi 0
53%
2011 17 Williams Brazil Rubens Barrichello 4
53%
2010 10 Williams Brazil Rubens Barrichello 47
53%
2016 17 Sauber Brazil Felipe Nasr 2
47%
2015 13 Sauber Brazil Felipe Nasr 27
47%
2011 21 Lotus Italy Jarno Trulli 0
47%
2010 21 Lotus Italy Jarno Trulli 0
47%
2018 20 Williams Russia Sergey Sirotkin 1
47%
2014 18 Sauber Germany Adrian Sutil 0
40%
2013 13 Force India Germany Adrian Sutil 29
40%
2011 9 Force India Germany Adrian Sutil 42
40%
2010 11 Force India Germany Adrian Sutil 47
40%
2020 22 Williams Great Britain Jack Aitken 0
40%
2014 13 Toro Rosso France Jean-Éric Vergne 22
40%
2013 15 Toro Rosso France Jean-Éric Vergne 13
40%
2012 17 Toro Rosso France Jean-Éric Vergne 16
40%
2011 28 Lotus India Karun Chandhok 0
40%
2010 22 HRT India Karun Chandhok 0
40%
2012 24 HRT India Narain Karthikeyan 0
40%
2011 26 HRT India Narain Karthikeyan 0
40%
2011 11 Renault Germany Nick Heidfeld 34
40%
2010 18 Sauber Germany Nick Heidfeld 6
40%
2012 19 Caterham Russia Vitaly Petrov 0
40%
2011 10 Renault Russia Vitaly Petrov 37
40%
2010 13 Renault Russia Vitaly Petrov 27
40%
2011 14 Toro Rosso Spain Jaime Alguersuari 26
33%
2010 19 Toro Rosso Spain Jaime Alguersuari 5
33%
2012 25 HRT Spain Pedro de la Rosa 0
33%
2011 20 Sauber Spain Pedro de la Rosa 0
33%
2010 17 Sauber Spain Pedro de la Rosa 6
33%
2016 24 Manor Indonesia Rio Haryanto 0
33%
2011 15 Toro Rosso Switzerland Sébastien Buemi 15
33%
2010 16 Toro Rosso Switzerland Sébastien Buemi 8
33%
2014 21 Marussia Great Britain Max Chilton 0
27%
2013 23 Marussia Great Britain Max Chilton 0
27%
2017 25 Williams Great Britain Paul di Resta 0
27%
2013 12 Force India Great Britain Paul di Resta 48
27%
2012 14 Force India Great Britain Paul di Resta 46
27%
2011 13 Force India Great Britain Paul di Resta 27
27%
2012 20 Marussia Germany Timo Glock 0
27%
2011 25 Virgin Germany Timo Glock 0
27%
2010 25 Virgin Germany Timo Glock 0
27%
2011 23 HRT Italy Vitantonio Liuzzi 0
27%
2010 15 Force India Italy Vitantonio Liuzzi 21
27%
2013 20 Caterham France Charles Pic 0
20%
2012 21 Marussia France Charles Pic 0
20%
2015 20 Manor United States Alexander Rossi 0
13%
2014 25 Marussia United States Alexander Rossi 0
13%
2010 27 HRT Austria Christian Klien 0
13%
2013 22 Caterham Netherlands Giedo van der Garde 0
13%
2012 23 Lotus Belgium Jérôme d'Ambrosio 0
13%
2011 24 Virgin Belgium Jérôme d'Ambrosio 0
13%
2010 24 Virgin Brazil Lucas di Grassi 0
13%
2015 19 Manor Spain Roberto Merhi 0
7%
2015 21 Manor Great Britain Will Stevens 0
7%
2014 23 Caterham Great Britain Will Stevens 0
7%
2014 24 Caterham Germany André Lotterer 0
0%
2010 26 HRT Japan Sakon Yamamoto 0
0%
No matching quizzes found
Score Distribution
Percent of People with Each Score
Percentile by Number Answered
Your Score History
You have not taken this quiz since the last reset